[Event "BL 9394 Bamberg-Koblenz"]
[Site "?"]
[Date "1994.??.??"]
[Round "?.6"]
[White "Krauseneck, P."]
[Black "Schlick, V."]
[Result "0-1"]
[WhiteElo "2310"]
[BlackElo "2315"]
[PlyCount "76"]
[EventDate "1994.??.??"]

1. e4 c5 2. Nf3 Nc6 3. c3 d5 4. exd5 Qxd5 5. d4 cxd4 6. cxd4 e5 7. Nc3 Bb4 8.
Bd2 Bxc3 9. Bxc3 e4 10. Nd2 Nf6 11. Nc4 Be6 12. Qa4 O-O 13. Ne3 Qd7 14. Rd1 Nd5
15. Bb5 f5 16. O-O f4 17. Nxd5 Bxd5 18. f3 e3 19. Bc4 Rf5 20. Rd3 Re8 21. Rc1
Re6 22. Be1 h6 23. Qc2 Qf7 24. b4 Rg6 25. Bxd5 Rxd5 26. Qc4 b5 27. Qb3 Rgd6 28.
Bc3 Kh7 29. Bb2 a5 30. bxa5 Nxa5 31. Qc2 Rg6 32. Ra3 Nc4 33. Rd3 Rdg5 34. Rb3
Qd5 35. Kh1 Rxg2 36. Qxg2 Rxg2 37. Kxg2 Nd2 38. Rbc3 Qxf3+ 0-1

[Event "BL 9394 Bamberg-Koblenz"]
[Site "?"]
[Date "1994.??.??"]
[Round "?.7"]
[White "Polster, W."]
[Black "Held, M."]
[Result "1-0"]
[WhiteElo "2335"]
[BlackElo "2205"]
[PlyCount "87"]
[EventDate "1994.??.??"]

1. e4 c5 2. Nc3 g6 3. g3 Nc6 4. Bg2 Rb8 5. d3 b5 6. Bf4 d6 7. Qd2 b4 8. Nd1 Bg7
9. h4 e5 10. Bg5 f6 11. Be3 h5 12. c3 Nge7 13. Ne2 Ba6 14. O-O O-O 15. f4 bxc3
16. bxc3 c4 17. d4 exd4 18. Nxd4 Nxd4 19. Bxd4 Qd7 20. Nf2 Nc6 21. Be3 Rfd8 22.
Rfd1 Kh8 23. Rab1 Bb5 24. Rb2 Ba4 25. Rdb1 Rxb2 26. Rxb2 Ne7 27. Bh3 f5 28. Bd4
Qc6 29. Bxg7+ Kxg7 30. Qd4+ Kf7 31. Bg2 Qc5 32. Qxc5 dxc5 33. e5 Bc6 34. Bxc6
Nxc6 35. Rb7+ Ke6 36. Rc7 Kd5 37. Rg7 Nd4 38. cxd4 c3 39. Nd3 Kc4 40. Nxc5 Rxd4
41. Rc7 Rd1+ 42. Kf2 Rd2+ 43. Ke3 Rxa2 44. Ne4+ 1-0

[Event "BL 9394 Zähringen-Porz"]
[Site "?"]
[Date "1994.??.??"]
[Round "?.1"]
[White "Lutz, C."]
[Black "Roos, D."]
[Result "1/2-1/2"]
[WhiteElo "2595"]
[BlackElo "2425"]
[PlyCount "52"]
[EventDate "1994.??.??"]

1. d4 Nf6 2. Nf3 g6 3. c4 Bg7 4. g3 O-O 5. Bg2 c6 6. O-O d5 7. Nbd2 Bf5 8. b3
a5 9. Bb2 a4 10. Nh4 Be6 11. Re1 Na6 12. e4 dxe4 13. Nxe4 Nxe4 14. Rxe4 Nc7 15.
Qe2 axb3 16. axb3 Rxa1+ 17. Bxa1 Qa8 18. Bc3 Qa3 19. Qb2 Qxb2 20. Bxb2 b5 21.
Nf3 bxc4 22. bxc4 Rb8 23. Ba3 Rb1+ 24. Re1 Rxe1+ 25. Nxe1 Bxc4 26. Bxe7 Bxd4
1/2-1/2

[Event "BL 9394 Zähringen-Porz"]
[Site "?"]
[Date "1994.??.??"]
[Round "?.2"]
[White "Maier, C."]
[Black "Hort, V."]
[Result "0-1"]
[WhiteElo "2355"]
[BlackElo "2535"]
[PlyCount "82"]
[EventDate "1994.??.??"]

1. c4 e6 2. Nf3 d5 3. b3 b6 4. Bb2 Bb7 5. e3 Nf6 6. cxd5 exd5 7. Bd3 g6 8. O-O
Bg7 9. Ne5 O-O 10. Bc2 Nbd7 11. d4 c5 12. Nd2 Rc8 13. Bd3 Qe7 14. Ndf3 Rfd8 15.
Rc1 Nxe5 16. Nxe5 Ne4 17. Qe2 Nd6 18. Rfd1 cxd4 19. exd4 f6 20. Ng4 Qxe2 21.
Bxe2 h5 22. Ne3 f5 23. g3 Bh6 24. Rxc8 Rxc8 25. Rc1 Rxc1+ 26. Bxc1 Ne4 27. Bb2
Kf7 28. Nf1 f4 29. f3 Ng5 30. Kf2 Ne6 31. gxf4 Nxf4 32. Bc3 Nxe2 33. Kxe2 Bf4
34. Bd2 Bd6 35. Kf2 Ke6 36. Ng3 h4 37. Ne2 Bxh2 38. Kg2 Bd6 39. Bg5 Ba6 40.
Nf4+ Kf5 41. Nh3 Bd3 0-1

[Event "BL 9394 Zähringen-Porz"]
[Site "?"]
[Date "1994.??.??"]
[Round "?.3"]
[White "Christiansen, L."]
[Black "Schuh, H."]
[Result "1/2-1/2"]
[WhiteElo "2560"]
[BlackElo "2345"]
[PlyCount "150"]
[EventDate "1994.??.??"]

1. c4 Nf6 2. Nc3 e5 3. Nf3 Nc6 4. g3 g6 5. d4 exd4 6. Nxd4 Bg7 7. Bg2 O-O 8.
O-O Nxd4 9. Qxd4 d6 10. Qd2 c6 11. Rd1 Be6 12. b3 d5 13. cxd5 Nxd5 14. Bxd5
Bxd5 15. Bb2 Be6 16. Qc2 Qf6 17. Na4 Qf5 18. e4 Qf3 19. Rd3 Qxe4 20. Bxg7 Kxg7
21. Qc3+ Kg8 22. Nc5 Qf5 23. Rf3 Qd5 24. Rd3 Qf5 25. Nxb7 Bd5 26. f3 Rab8 27.
Nd6 Qe6 28. Ne4 Bxe4 29. Re1 Bxd3 30. Rxe6 fxe6 31. Qxd3 Rbd8 32. Qe3 Rf7 33.
Kg2 e5 34. Qc3 Rd5 35. h4 c5 36. a4 Kg7 37. a5 Rfd7 38. Kh3 h5 39. Qe3 Kf7 40.
Qh6 Kf6 41. Qh8+ Kf7 42. a6 Re7 43. Qh7+ Kf6 44. Qg8 Rd6 45. Qf8+ Ke6 46. Qb8
Rb6 47. Qg8+ Kf6 48. Qf8+ Rf7 49. Qh8+ Ke6 50. Qh6 Rf6 51. Qe3 Kd6 52. Qd3+ Kc6
53. Qc3 Re6 54. Qc4 Kd6 55. Qd3+ Ke7 56. Qd5 Rxa6 57. Qxc5+ Kf7 58. Qc7+ Re7
59. Qc4+ Rae6 60. Qe4 Kg7 61. b4 Rd6 62. b5 Rb6 63. Qd5 Kh7 64. g4 hxg4+ 65.
Kxg4 Rf6 66. Qc5 Rf4+ 67. Kg3 Ref7 68. Qxe5 Rxf3+ 69. Kg4 R3f5 70. Qb8 R5f6 71.
Qe5 Rb6 72. h5 gxh5+ 73. Qxh5+ Kg8 74. Qd5 Kg7 75. Qe5+ Kh7 1/2-1/2

[Event "BL 9394 Zähringen-Porz"]
[Site "?"]
[Date "1994.??.??"]
[Round "?.4"]
[White "Vatter, HJ."]
[Black "Hickl, J."]
[Result "0-1"]
[WhiteElo "2330"]
[BlackElo "2535"]
[PlyCount "86"]
[EventDate "1994.??.??"]

1. e4 c6 2. d4 g6 3. Nc3 d6 4. a4 Bg7 5. h3 Nf6 6. Nf3 O-O 7. Be2 d5 8. e5 Ne8
9. a5 f6 10. Bf4 Nd7 11. exf6 exf6 12. O-O Rf7 13. Bd3 Nf8 14. Re1 Ne6 15. Qd2
Nxf4 16. Qxf4 Bf8 17. Nd1 Bd7 18. c3 Bd6 19. Qh6 Bf8 20. Qf4 Qc7 21. Qh4 Ng7
22. Ne3 Nh5 23. Bf5 Bxf5 24. Nxf5 Qf4 25. Qxf4 Nxf4 26. Ng3 Re7 27. Kf1 Kf7 28.
Rxe7+ Kxe7 29. Ne2 Ne6 30. b4 Kd7 31. Ne1 Re8 32. Nd3 Nc7 33. Nc5+ Kc8 34. Ke1
b6 35. axb6 axb6 36. Na4 Kb7 37. Nb2 Bh6 38. c4 dxc4 39. Nxc4 Bf8 40. Rb1 Nd5
41. Rb3 Nxb4 42. Rf3 f5 43. g4 Nc2+ 0-1

[Event "BL 9394 Zähringen-Porz"]
[Site "?"]
[Date "1994.??.??"]
[Round "?.6"]
[White "Brendel, O."]
[Black "Vogt, L."]
[Result "0-1"]
[WhiteElo "2360"]
[BlackElo "2495"]
[PlyCount "79"]
[EventDate "1994.??.??"]

1. e4 c5 2. Nf3 e6 3. d4 cxd4 4. Nxd4 a6 5. Bd3 Nf6 6. O-O Qc7 7. Kh1 d6 8. f4
Nbd7 9. c4 b6 10. Nc3 Bb7 11. f5 e5 12. Nf3 Nc5 13. Nd5 Bxd5 14. cxd5 Be7 15.
Be3 O-O 16. Rc1 Qb7 17. b4 Ncxe4 18. Bxe4 Nxe4 19. Rc6 Nf6 20. Bg5 e4 21. Bxf6
Bxf6 22. Nd2 Qe7 23. Re1 e3 24. Nc4 Bg5 25. Rxb6 Rab8 26. Rxb8 Rxb8 27. a3 Qe4
28. Nxd6 Qf4 29. Nxf7 Kxf7 30. d6 Qe5 31. Qh5+ Kf6 32. h4 Bh6 33. g4 Bf4 34.
Qxh7 Qxd6 35. Qg6+ Ke5 36. Qxg7+ Ke4 37. Kg2 Qd5 38. Qc3 Rg8 39. g5 Kxf5+ 40.
Kg1 0-1

[Event "BL 9394 Zähringen-Porz"]
[Site "?"]
[Date "1994.??.??"]
[Round "?.7"]
[White "Mainka, R."]
[Black "Siegel, G."]
[Result "0-1"]
[WhiteElo "2480"]
[BlackElo "2385"]
[PlyCount "98"]
[EventDate "1994.??.??"]

1. e4 e5 2. Nf3 Nc6 3. Bb5 a6 4. Ba4 Nf6 5. O-O Be7 6. Re1 b5 7. Bb3 d6 8. c3
O-O 9. h3 Na5 10. Bc2 c5 11. d4 Nd7 12. Nbd2 cxd4 13. cxd4 Nc6 14. d5 Nb4 15.
Bb1 a5 16. a3 Na6 17. b4 Nb6 18. Bd3 Bd7 19. bxa5 Nc5 20. Bf1 Nba4 21. Nb3 Nxb3
22. Qxb3 Nc5 23. Qe3 Qxa5 24. Bd2 Qa4 25. Bb4 f6 26. Be2 Rac8 27. Rec1 Bd8 28.
Nd2 Bb6 29. Bg4 Qa7 30. Qe2 g6 31. Bxd7 Qxd7 32. Rab1 f5 33. Bxc5 Bxc5 34. Kh2
Qa7 35. exf5 gxf5 36. Rxb5 Bxf2 37. Rc6 Kh8 38. Rxd6 e4 39. Nc4 Bd4 40. Kh1 Qc7
41. Rc6 Qf4 42. Rb1 Rb8 43. Rf1 Qg3 44. d6 Rb2 45. Nxb2 Be5 46. Kg1 Rg8 47. Rc8
Rxc8 48. Rxf5 Qh2+ 49. Kf2 Bg3+ 0-1

[Event "BL 9394 Zähringen-Porz"]
[Site "?"]
[Date "1994.??.??"]
[Round "?.8"]
[White "Gruenenwald, J."]
[Black "Brunner, L."]
[Result "0-1"]
[WhiteElo "2320"]
[BlackElo "2480"]
[PlyCount "50"]
[EventDate "1994.??.??"]

1. d4 d5 2. Nf3 Nf6 3. c4 dxc4 4. Qa4+ c6 5. Qxc4 Bf5 6. g3 Nbd7 7. Bg2 e6 8.
O-O Be7 9. Nc3 O-O 10. e3 Ne4 11. Nd2 Nxc3 12. bxc3 e5 13. Qb3 Qc7 14. Ba3 Bxa3
15. Qxa3 Rfe8 16. Nc4 Bd3 17. Nd6 Re6 18. Rfd1 e4 19. Nf5 Nb6 20. Qa5 Rd8 21.
Rxd3 exd3 22. e4 c5 23. dxc5 Nd5 24. Qxc7 Nxc7 25. Nd4 Ra6 0-1

[Event "BL 9394 Koblenz-Zähringen"]
[Site "?"]
[Date "1994.??.??"]
[Round "?.3"]
[White "Maier, C."]
[Black "Seul, G."]
[Result "1/2-1/2"]
[WhiteElo "2355"]
[BlackElo "2425"]
[PlyCount "145"]
[EventDate "1994.??.??"]

1. d4 Nf6 2. Nf3 e6 3. Bf4 b6 4. Nbd2 Bb7 5. e3 Be7 6. h3 O-O 7. Bd3 c5 8. c3
cxd4 9. exd4 d6 10. O-O Nbd7 11. Re1 Re8 12. Qe2 Bf8 13. Ne4 Qc7 14. Bg3 Nxe4
15. Bxe4 Nf6 16. Bxb7 Qxb7 17. Bh4 Nd5 18. c4 Nf4 19. Qe3 e5 20. Bg3 Ng6 21.
Qb3 e4 22. Nd2 Rad8 23. f3 exf3 24. Nxf3 Rxe1+ 25. Rxe1 d5 26. cxd5 Ne7 27. Bh4
f6 28. d6+ Nd5 29. Bg3 Bxd6 30. Bxd6 Rxd6 31. Re8+ Kf7 32. Re1 Rd8 33. Qd3 Kg8
34. Qe4 Qd7 35. Nh4 Nc7 36. Nf3 Re8 37. Qb1 Nd5 38. Rxe8+ Qxe8 39. Qf5 Qe3+ 40.
Kh1 Qc1+ 41. Ng1 Qc6 42. Qe4 g6 43. Ne2 Kf7 44. Nc3 Ne7 45. Qf4 Nf5 46. d5 Qd7
47. Qb8 Qe7 48. Qh8 Qe1+ 49. Kh2 Qe5+ 50. Kg1 Qe3+ 51. Kh2 Qf4+ 52. Kg1 Qc1+
53. Kh2 Qxb2 54. Qc8 Qb4 55. Qe6+ Kg7 56. Ne4 Qe7 57. g4 Qxe6 58. dxe6 Nd4 59.
e7 Kf7 60. Nxf6 Kxe7 61. Nxh7 Ne6 62. h4 Kf7 63. g5 Nd4 64. Nf6 Ke6 65. Kg3 b5
66. Kg4 b4 67. h5 gxh5+ 68. Nxh5 a5 69. Nf4+ Kf7 70. Nd3 Kg7 71. Kf4 Ne2+ 72.
Ke3 Nc3 73. Kd4 1/2-1/2

[Event "BL 9394 Koblenz-Zähringen"]
[Site "?"]
[Date "1994.??.??"]
[Round "?.4"]
[White "Reschke, S."]
[Black "Vatter, HJ."]
[Result "1/2-1/2"]
[WhiteElo "2390"]
[BlackElo "2330"]
[PlyCount "111"]
[EventDate "1994.??.??"]

1. c4 e5 2. g3 c6 3. d4 d6 4. Nf3 Nd7 5. e4 Ngf6 6. Nc3 Be7 7. Bg2 O-O 8. h3
Re8 9. Be3 a6 10. Qc2 b5 11. cxb5 axb5 12. b4 Bf8 13. O-O Bb7 14. Rfd1 exd4 15.
Nxd4 Ne5 16. Nb3 Nc4 17. Bd4 Na3 18. Qc1 Nd7 19. Na5 Rxa5 20. bxa5 Qxa5 21. Nb1
Nxb1 22. Qxb1 c5 23. Bb2 Nb6 24. Bc1 Bc6 25. Bf4 Nc4 26. Qc2 Ne5 27. Rd2 h6 28.
g4 Qa3 29. Kh1 Nc4 30. Re2 g6 31. Rae1 Ra8 32. Qc1 Qxc1 33. Rxc1 g5 34. Bh2 Ra3
35. Rd1 f6 36. Kg1 Kf7 37. Rde1 Ra6 38. f4 gxf4 39. Bxf4 Ke6 40. h4 Ne5 41.
Bxe5 Kxe5 42. Rf1 Bd7 43. g5 hxg5 44. hxg5 Bg7 45. Ref2 Be6 46. gxf6 Bf8 47.
Rf5+ Bxf5 48. Rxf5+ Kd4 49. Rd5+ Ke3 50. Rh5 Rb6 51. e5 dxe5 52. Rxe5+ Kf4 53.
Re2 c4 54. f7 Bc5+ 55. Kf1 Rf6 56. Bd5 1/2-1/2

[Event "BL 9394 Koblenz-Zähringen"]
[Site "?"]
[Date "1994.??.??"]
[Round "?.5"]
[White "Raupp, T."]
[Black "Fritsche, L."]
[Result "0-1"]
[WhiteElo "2370"]
[BlackElo "2375"]
[PlyCount "66"]
[EventDate "1994.??.??"]

1. d4 d6 2. c4 e5 3. Nc3 exd4 4. Qxd4 Nc6 5. Qd2 g6 6. b3 Bg7 7. Bb2 Nf6 8. g3
O-O 9. Bg2 Bf5 10. Nh3 Re8 11. Nf4 h5 12. O-O h4 13. Rad1 hxg3 14. hxg3 Rb8 15.
Rfe1 Ne5 16. Nfd5 Nfg4 17. e4 Be6 18. Nb5 Rc8 19. f4 Nc6 20. Bxg7 Kxg7 21. c5
dxc5 22. Qc3+ Nd4 23. Nxd4 cxd4 24. Qxd4+ f6 25. Qxa7 Bxd5 26. exd5 Ra8 27.
Qxb7 Rxa2 28. Rc1 Rc2 29. Bh3 Qd6 30. Qb5 c6 31. Qb7+ Kh6 32. Rxe8 Qc5+ 33. Kh1
Rh2# 0-1

[Event "BL 9394 Koblenz-Zähringen"]
[Site "?"]
[Date "1994.??.??"]
[Round "?.6"]
[White "Schlick, V."]
[Black "Brendel, O."]
[Result "0-1"]
[WhiteElo "2315"]
[BlackElo "2360"]
[PlyCount "60"]
[EventDate "1994.??.??"]

1. e4 c5 2. Nf3 Nc6 3. d4 cxd4 4. Nxd4 g6 5. Be2 Bg7 6. Nb3 Nf6 7. Nc3 O-O 8.
O-O a5 9. Bg5 a4 10. Nd2 a3 11. b3 Qa5 12. Nb5 d5 13. b4 Qd8 14. Rb1 Be6 15.
Bxf6 Bxf6 16. exd5 Bxd5 17. c4 Be6 18. Ne4 Bb2 19. Qb3 Qb6 20. Nc5 Qxb5 21.
Nxe6 Qxb4 22. Qxb4 Nxb4 23. Nxf8 Kxf8 24. Bf3 Nxa2 25. c5 Ra5 26. Bxb7 Rxc5 27.
Rbd1 Nc3 28. Rd8+ Kg7 29. Ra8 Ne2+ 30. Kh1 Nc1 0-1

[Event "BL 9394 Koblenz-Zähringen"]
[Site "?"]
[Date "1994.??.??"]
[Round "?.7"]
[White "Siegel, G."]
[Black "Polster, W."]
[Result "1-0"]
[WhiteElo "2385"]
[BlackElo "2335"]
[PlyCount "133"]
[EventDate "1994.??.??"]

1. d4 f5 2. g3 Nf6 3. Bg2 g6 4. Nf3 Bg7 5. O-O O-O 6. c4 d6 7. Nc3 c6 8. d5 Nh5
9. Qd3 Nd7 10. dxc6 bxc6 11. Nd4 Bxd4 12. Qxd4 Bb7 13. Bg5 Rf7 14. Qe3 Ne5 15.
c5 Ng4 16. Qd4 d5 17. h3 e5 18. Qxg4 fxg4 19. Bxd8 Rxd8 20. hxg4 Ng7 21. b4 Ne6
22. Rad1 Kg7 23. Rd2 Rdf8 24. e3 e4 25. Rb1 Ba6 26. b5 Bxb5 27. Nxb5 cxb5 28.
Rxb5 Rc8 29. c6 Rxc6 30. Rbxd5 Rc1+ 31. Kh2 Nc5 32. R5d4 Re7 33. Rd1 Rc2 34.
R4d2 Rc3 35. Bf1 Ne6 36. Kg2 Kf6 37. Rb1 Rc5 38. Be2 Ke5 39. Rb5 Rxb5 40. Bxb5
Rc7 41. Be2 Ng5 42. a4 Ne6 43. a5 Ng5 44. Rb2 Ne6 45. a6 h6 46. Rb1 Rc2 47. Kf1
Nc5 48. Rb8 Ra2 49. Re8+ Kf6 50. Rc8 Nd3 51. Bxd3 exd3 52. Rd8 Rxa6 53. Rxd3
Ra4 54. Kg2 Ke5 55. Kf3 a5 56. Rd8 Ra2 57. Rh8 a4 58. Rxh6 Kf6 59. Rh7 a3 60.
Ra7 Kg5 61. Ra5+ Kf6 62. g5+ Ke6 63. g4 Ra1 64. Ra6+ Kf7 65. Ra7+ Kg8 66. Ke4
a2 67. Ke5 1-0

[Event "BL 9394 Koblenz-Zähringen"]
[Site "?"]
[Date "1994.??.??"]
[Round "?.8"]
[White "Hammes, M."]
[Black "Herbrechtsmeier, C."]
[Result "1/2-1/2"]
[WhiteElo "2220"]
[BlackElo "2320"]
[PlyCount "24"]
[EventDate "1994.??.??"]

1. d4 Nf6 2. c4 g6 3. Nc3 d5 4. Bf4 Bg7 5. e3 c5 6. dxc5 Qa5 7. Qa4+ Qxa4 8.
Nxa4 O-O 9. Rc1 dxc4 10. Bxc4 Bd7 11. Nc3 Rc8 12. Nf3 Rxc5 1/2-1/2

[Event "BL 9394 Porz-Bamberg"]
[Site "?"]
[Date "1994.??.??"]
[Round "?.1"]
[White "Pribyl, J."]
[Black "Lutz, C."]
[Result "1-0"]
[WhiteElo "2395"]
[BlackElo "2595"]
[PlyCount "129"]
[EventDate "1994.??.??"]

1. e4 c5 2. Nf3 d6 3. Nc3 Nc6 4. Bb5 e5 5. O-O Nf6 6. d3 Be7 7. Bg5 Be6 8. Nd2
O-O 9. Bc4 Qd7 10. a4 Bg4 11. f3 Be6 12. Re1 Nh5 13. Bxe7 Nxe7 14. Nf1 Kh8 15.
Ne3 Rad8 16. a5 Nf4 17. Qb1 Nc6 18. Qa2 Nd4 19. Rad1 h5 20. Rd2 h4 21. Rf1 g6
22. Ncd5 Bxd5 23. Nxd5 Nde2+ 24. Kf2 Nxd5 25. Kxe2 Nf4+ 26. Kd1 Kg7 27. c3 Rh8
28. Kc2 Qe7 29. g3 hxg3 30. hxg3 Nh5 31. Rg2 Nf6 32. Qb3 Rh3 33. Bd5 Rd7 34.
Qb5 Nxd5 35. exd5 Rd8 36. f4 exf4 37. gxf4 Re3 38. Rff2 Qd7 39. Qxd7 Rxd7 40.
f5 Rd8 41. f6+ Kh6 42. c4 Re5 43. b4 cxb4 44. Rg1 g5 45. Rb1 Kg6 46. Rxb4 Rd7
47. Rb1 Rf5 48. Rxf5 Kxf5 49. Rf1+ Kg6 50. d4 g4 51. Kd3 Kg5 52. Ke4 Rd8 53. c5
Re8+ 54. Kd3 g3 55. Kc4 Kg4 56. Kb5 dxc5 57. dxc5 Re2 58. a6 Rb2+ 59. Kc4 b6
60. c6 Rd2 61. Rc1 b5+ 62. Kc5 g2 63. c7 Rc2+ 64. Rxc2 g1=Q+ 65. Kd6 1-0

[Event "BL 9394 Porz-Bamberg"]
[Site "?"]
[Date "1994.??.??"]
[Round "?.5"]
[White "Loew, G."]
[Black "Vaganian, R."]
[Result "0-1"]
[WhiteElo "2245"]
[BlackElo "2625"]
[PlyCount "68"]
[EventDate "1994.??.??"]

1. e4 e6 2. d4 d5 3. Nd2 c5 4. Ngf3 Nf6 5. e5 Nfd7 6. c3 Nc6 7. Bd3 Rb8 8. O-O
b5 9. Re1 Be7 10. Nf1 b4 11. g4 Qb6 12. Bc2 h5 13. h3 Ba6 14. Ng3 hxg4 15. hxg4
bxc3 16. bxc3 cxd4 17. cxd4 Nb4 18. Bb1 g6 19. Bg5 Bxg5 20. Nxg5 Nc6 21. Nf3
Kf8 22. Bd3 Nb4 23. Bxa6 Qxa6 24. Qd2 Qd3 25. Qf4 g5 26. Nxg5 Qg6 27. Reb1 Rg8
28. Nf3 Qxg4 29. Qh6+ Ke7 30. Rb3 Nc2 31. Rab1 Rxb3 32. Rxb3 Nxd4 33. Nxd4 Qxd4
34. Rb7 Rxg3+ 0-1

[Event "BL 9394 Porz-Bamberg"]
[Site "?"]
[Date "1994.??.??"]
[Round "?.6"]
[White "Vogt, L."]
[Black "Krauseneck, P."]
[Result "1-0"]
[WhiteElo "2495"]
[BlackElo "2310"]
[PlyCount "81"]
[EventDate "1994.??.??"]

1. e4 e6 2. d4 d5 3. Nc3 Bb4 4. e5 c5 5. a3 Bxc3+ 6. bxc3 Qc7 7. Qg4 f5 8. Qh5+
g6 9. Qd1 Bd7 10. Nf3 Ba4 11. Bd3 c4 12. Be2 Nc6 13. g4 h6 14. gxf5 exf5 15. h4
O-O-O 16. Bf4 Nf6 17. Bxh6 Rxh6 18. exf6 Rd6 19. Ne5 Rxf6 20. f4 Rf8 21. Kd2
Nxe5 22. fxe5 Qe7 23. Qg1 Rfh8 24. Rf1 Bd7 25. Qg2 Be6 26. Bf3 Qd8 27. Rb1 a6
28. Rbg1 Bf7 29. Kc1 Rxh4 30. Rxh4 Rxh4 31. e6 Bxe6 32. Qxg6 Qd6 33. Re1 Kd7
34. Kb2 Re4 35. Bxe4 dxe4 36. Rh1 Kc6 37. Rh6 Kd5 38. Qg7 Qb8 39. Qe7 Qc8 40.
Rxe6 Qxe6 41. Qc5# 1-0

[Event "BL 9394 Porz-Bamberg"]
[Site "?"]
[Date "1994.??.??"]
[Round "?.7"]
[White "Held, M."]
[Black "Mainka, R."]
[Result "0-1"]
[WhiteElo "2205"]
[BlackElo "2480"]
[PlyCount "80"]
[EventDate "1994.??.??"]

1. e4 c5 2. Nf3 d6 3. d4 cxd4 4. Qxd4 a6 5. Bg5 Nc6 6. Qd2 h6 7. Bh4 g5 8. Bg3
Nf6 9. Bd3 Bg7 10. c3 Nh5 11. Na3 Nxg3 12. hxg3 b5 13. Nc2 Qb6 14. O-O O-O 15.
Ne3 e6 16. Rad1 Bb7 17. Bb1 Rfd8 18. Nd4 Ne7 19. Qd3 Ng6 20. Kh1 Rac8 21. f4 b4
22. f5 Ne5 23. Qe2 Re8 24. c4 Qc5 25. Nb3 Qc7 26. Nd2 a5 27. b3 Rcd8 28. Ng4
exf5 29. Rxf5 Nxg4 30. Qxg4 Bc8 31. Rdf1 Re5 32. Nf3 Re7 33. Qh5 Rde8 34. Nh2
Bxf5 35. Rxf5 Re5 36. Ng4 Rxf5 37. exf5 Qc5 38. Nxh6+ Bxh6 39. Qxh6 Re1+ 40.
Kh2 Qg1+ 0-1

[Event "BL 9394 Castrop Rauxel-Empor Berlin"]
[Site "?"]
[Date "1994.??.??"]
[Round "?.3"]
[White "Muse, M."]
[Black "Appel, R."]
[Result "1/2-1/2"]
[WhiteElo "2455"]
[BlackElo "2430"]
[PlyCount "76"]
[EventDate "1994.??.??"]

1. b3 Nf6 2. Bb2 g6 3. g3 Bg7 4. Bg2 O-O 5. Nf3 d5 6. c4 Nc6 7. cxd5 Qxd5 8.
Nc3 Qh5 9. h3 Rd8 10. g4 Qa5 11. a3 Ne4 12. Qc2 Nxc3 13. Bxc3 Bxc3 14. dxc3 Ne5
15. Nd2 f5 16. f4 Nf7 17. gxf5 Bxf5 18. Nc4 Qc5 19. Qc1 Nd6 20. Qe3 Qxe3 21.
Nxe3 Be4 22. Rg1 e6 23. O-O-O Bxg2 24. Nxg2 Ne4 25. Kc2 Ng3 26. e3 Nf5 27. e4
Ng3 28. Rge1 Rxd1 29. Kxd1 Rd8+ 30. Kc2 Kf7 31. Re3 Nh5 32. Rd3 Rxd3 33. Kxd3
Kf6 34. Ke3 h6 35. e5+ Kf7 36. Kf3 Ng7 37. Ne3 Nf5 38. Nxf5 gxf5 1/2-1/2

[Event "BL 9394 Castrop Rauxel-Empor Berlin"]
[Site "?"]
[Date "1994.??.??"]
[Round "?.4"]
[White "Hoffmann, M."]
[Black "Luther, T."]
[Result "0-1"]
[WhiteElo "2470"]
[BlackElo "2515"]
[PlyCount "106"]
[EventDate "1994.??.??"]

1. d4 e6 2. c4 Nf6 3. Nc3 Bb4 4. Qc2 O-O 5. Bg5 c5 6. e3 cxd4 7. exd4 Nc6 8.
Nf3 h6 9. Bh4 d5 10. a3 Be7 11. Rd1 Bd7 12. c5 Rc8 13. b4 a5 14. b5 Nxd4 15.
Nxd4 Bxc5 16. Qb2 a4 17. b6 Qxb6 18. Qxb6 Bxb6 19. Bxf6 gxf6 20. Bb5 Rxc3 21.
Bxd7 Rd8 22. Bb5 Rxa3 23. O-O Rc8 24. Rd2 Rac3 25. g3 a3 26. Kg2 Rc1 27. Rxc1
Rxc1 28. Ne2 Rb1 29. Bd3 Rb3 30. Nc1 Rc3 31. Na2 Rc5 32. Rd1 Bc7 33. Rb1 b6 34.
Rb3 Ra5 35. Kf1 Kf8 36. Ke2 Ke7 37. Kd1 Kd6 38. Kc2 f5 39. f4 Bd8 40. Kb1 Kc7
41. Nc3 Be7 42. Ka2 Bc5 43. Nb5+ Kc6 44. Nxa3 Bxa3 45. Rxa3 Kc5 46. Rxa5+ bxa5
47. Kb3 Kd4 48. Bb5 Ke4 49. Kc2 Kf3 50. Be8 f6 51. Bf7 Kg2 52. Bxe6 Kxh2 53.
Bxd5 Kxg3 0-1

[Event "BL 9394 Castrop Rauxel-Empor Berlin"]
[Site "?"]
[Date "1994.??.??"]
[Round "?.5"]
[White "Volke, K."]
[Black "Hermesmann, H."]
[Result "0-1"]
[WhiteElo "2480"]
[BlackElo "2295"]
[PlyCount "84"]
[EventDate "1994.??.??"]

1. b4 g6 2. Bb2 Nf6 3. c4 Bg7 4. Nf3 O-O 5. e3 d6 6. d4 Nbd7 7. Be2 e5 8. O-O
e4 9. Nfd2 Re8 10. a4 Nf8 11. a5 a6 12. b5 h5 13. bxa6 bxa6 14. d5 N8h7 15. Nb3
Rb8 16. Bc3 Ng4 17. Bxg7 Kxg7 18. Qd4+ Kg8 19. N3d2 Qh4 20. Bxg4 Qxg4 21. Nc3
Ng5 22. Qf6 Bf5 23. Kh1 h4 24. f3 exf3 25. gxf3 Qh5 26. e4 Bh3 27. Rfb1 Nh7 28.
Qf4 Nf8 29. c5 dxc5 30. Nd1 c4 31. Rc1 Qxd5 32. Nxc4 Qd8 33. Nf2 Be6 34. Ne5
Qd6 35. Rd1 Qc5 36. Rac1 Qxf2 37. Nxf7 Bxf7 38. Rxc7 Qa2 39. Rd2 Rb1+ 40. Kg2
h3+ 41. Kg3 Rg1+ 42. Kh4 Qe6 0-1

[Event "BL 9394 Castrop Rauxel-Empor Berlin"]
[Site "?"]
[Date "1994.??.??"]
[Round "?.6"]
[White "Hennig, D."]
[Black "Rabiega, R."]
[Result "1-0"]
[WhiteElo "2330"]
[BlackElo "2480"]
[PlyCount "41"]
[EventDate "1994.??.??"]

1. d4 d5 2. Nf3 Nf6 3. c4 e6 4. Nc3 dxc4 5. e3 a6 6. a4 c5 7. Bxc4 Nc6 8. O-O
Be7 9. dxc5 Bxc5 10. Qxd8+ Kxd8 11. e4 Ke7 12. e5 Nd7 13. Bg5+ f6 14. exf6+
gxf6 15. Bh4 Nd4 16. Rfe1 Nb6 17. Nxd4 Bxd4 18. Bb3 Rd8 19. a5 Bxc3 20. bxc3
Nd5 21. Rad1 1-0

[Event "BL 9394 Castrop Rauxel-Empor Berlin"]
[Site "?"]
[Date "1994.??.??"]
[Round "?.7"]
[White "Poldauf, D."]
[Black "Hille, RI."]
[Result "1-0"]
[WhiteElo "2425"]
[BlackElo "2275"]
[PlyCount "74"]
[EventDate "1994.??.??"]

1. c4 e5 2. Nc3 Nf6 3. Nf3 Nc6 4. g3 g6 5. Bg2 Bg7 6. O-O O-O 7. d4 exd4 8.
Nxd4 Re8 9. Nxc6 dxc6 10. Qb3 Qe7 11. Bf4 Ng4 12. Qc2 Qb4 13. Na4 Bf5 14. e4
Be6 15. Rac1 Rad8 16. b3 h6 17. Rcd1 Qe7 18. h3 g5 19. Bc1 Nf6 20. e5 Nd7 21.
f4 gxf4 22. gxf4 f5 23. Be3 Kh8 24. Qf2 a6 25. Rd3 Rg8 26. Rfd1 Rde8 27. Kh1
Bf8 28. Bf3 Qf7 29. Kh2 Bb4 30. Qb2 Rd8 31. c5 b5 32. cxb6 cxb6 33. Nxb6 Nxb6
34. Rxd8 Nd5 35. Rxg8+ Kxg8 36. Rg1+ Kh7 37. Bxd5 Bxd5 {Zeit} 1-0

[Event "BL 9394 Castrop Rauxel-Empor Berlin"]
[Site "?"]
[Date "1994.??.??"]
[Round "?.8"]
[White "Doering, T."]
[Black "Stern, R."]
[Result "0-1"]
[WhiteElo "2215"]
[BlackElo "2385"]
[PlyCount "64"]
[EventDate "1994.??.??"]

1. d4 d5 2. c4 e6 3. Nc3 Nf6 4. cxd5 exd5 5. Bg5 Be7 6. e3 O-O 7. Bd3 Nbd7 8.
Qc2 Re8 9. Nge2 Nf8 10. h3 Be6 11. g4 Rc8 12. Rd1 c6 13. Kf1 h6 14. Bf4 c5 15.
f3 a6 16. Ng3 b5 17. Qf2 Ng6 18. Bxg6 fxg6 19. Kg2 Rf8 20. Qd2 g5 21. Be5 Nd7
22. f4 gxf4 23. exf4 Nxe5 24. dxe5 d4 25. Nce4 Bd5 26. Kh2 Qc7 27. Rhf1 Bh4 28.
Qd3 Bxg3+ 29. Nxg3 Bc4 30. Qg6 Bxf1 31. Nf5 Bc4 32. Nxh6+ Kh8 0-1

[Event "BL 9394 Bochum-Zehlendorf"]
[Site "?"]
[Date "1994.??.??"]
[Round "?.2"]
[White "Glek, I."]
[Black "Loeffler, S."]
[Result "1-0"]
[WhiteElo "2590"]
[BlackElo "2440"]
[PlyCount "87"]
[EventDate "1994.??.??"]

1. e4 Nf6 2. e5 Nd5 3. d4 d6 4. Nf3 dxe5 5. Nxe5 g6 6. g3 Nd7 7. Bg2 Nxe5 8.
dxe5 c6 9. O-O Bg7 10. Qe2 h5 11. c4 Nb6 12. Na3 Bg4 13. f3 Be6 14. f4 Qc8 15.
b3 h4 16. Nc2 hxg3 17. hxg3 Bh3 18. Ne3 Qe6 19. Bb2 O-O-O 20. Rad1 Bxg2 21.
Rxd8+ Rxd8 22. Kxg2 Nd7 23. g4 Nc5 24. Rd1 Rxd1 25. Qxd1 Qd7 26. Kf3 Qd3 27.
Qxd3 Nxd3 28. Ba3 e6 29. g5 Kd7 30. Nc2 b6 31. Ke3 Nc5 32. Bxc5 bxc5 33. Kd3
Bf8 34. Ne3 Be7 35. Ng4 Kd8 36. Nf2 Kc7 37. Ne4 Kd8 38. Kc3 Kd7 39. Kc2 Kc7 40.
Kc3 Kb7 41. a4 Ka6 42. Nf2 Kb6 43. Ng4 Bf8 44. Nh6 1-0